000 00999cam a2200229 4500
001 ABS65180
008 020226n2002 000 0 eng u
035 _a(Sirsi) u116861
100 _aWillis, B
245 4 _aThe dream of joined-up planning
260 _c2002
490 _aRegeneration and Renewal
_v11 January 2002, 20-21(2)
520 _aLooks at whether the planning Green Paper will go far enough to restructure the planning process. Argues whether its proposals will provide the type of link with planning that businesses are seeking. Speculates that a common denominator between the needs of the business sector and the interests of communities is required, and wonders if the Green Paper satisfies this requirement.
590 _aABS
650 _aGREEN PAPER
650 _aDEVELOPERS
650 _aCOMPULSORY PURCHASE ORDERS
650 _aREGIONAL PLANNING GUIDANCE
650 _aRPG
690 _aENVIRONMENTAL AND LAND CONSULTANCY-PLANNING AND DEVELOPMENT
942 _n0
999 _c69602
_d69602